<?xml version="1.0" encoding="UTF-8"?>
<record
    xmlns:xsi="http://www.w3.org/2001/XMLSchema-instance"
    xsi:schemaLocation="http://www.loc.gov/MARC21/slim http://www.loc.gov/standards/marcxml/schema/MARC21slim.xsd"
    xmlns="http://www.loc.gov/MARC21/slim">

  <leader>03736cam a22003015a 4500</leader>
  <controlfield tag="001">18356701</controlfield>
  <controlfield tag="003">EG-ScBUE</controlfield>
  <controlfield tag="005">20221030112432.0</controlfield>
  <controlfield tag="008">141024s2014    sz a   f      001 0 eng d</controlfield>
  <datafield tag="020" ind1=" " ind2=" ">
    <subfield code="a">9783037681695</subfield>
  </datafield>
  <datafield tag="040" ind1=" " ind2=" ">
    <subfield code="a">DLC</subfield>
    <subfield code="b">eng</subfield>
    <subfield code="e">rda</subfield>
    <subfield code="c">DLC</subfield>
    <subfield code="d">EG-ScBUE</subfield>
  </datafield>
  <datafield tag="082" ind1="0" ind2="4">
    <subfield code="2">22</subfield>
    <subfield code="a">720.444</subfield>
    <subfield code="b">BAK</subfield>
  </datafield>
  <datafield tag="100" ind1="1" ind2=" ">
    <subfield code="a">Baker, Lisa,</subfield>
    <subfield code="d">1982-</subfield>
    <subfield code="e">author.</subfield>
  </datafield>
  <datafield tag="245" ind1="1" ind2="0">
    <subfield code="a">Temporary architecture /</subfield>
    <subfield code="c">Lisa Baker.</subfield>
  </datafield>
  <datafield tag="250" ind1=" " ind2=" ">
    <subfield code="a">First edition.</subfield>
  </datafield>
  <datafield tag="264" ind1=" " ind2="1">
    <subfield code="a">[Salenstein] :</subfield>
    <subfield code="b">Braun Publishing,</subfield>
    <subfield code="c">2014.</subfield>
  </datafield>
  <datafield tag="300" ind1=" " ind2=" ">
    <subfield code="a">255 pages :</subfield>
    <subfield code="b">illustrations ;</subfield>
    <subfield code="c">29 cm</subfield>
  </datafield>
  <datafield tag="500" ind1=" " ind2=" ">
    <subfield code="a">Includes index.
</subfield>
  </datafield>
  <datafield tag="505" ind1="0" ind2=" ">
    <subfield code="a">Treehugger / one fine day: office for architectural design, University of Applied Sciences Trier -- Altar Island for Pope Benedict XVI / Werner Sobek -- OR2 / Orproject -- London Aquatics Centre / Zaha Hadid Architects -- Coca-Cola Beatbox / Asif Khan and Pernilla Ohrstedt -- Fresh flower pavilion / Tonkin Liu -- Forest pavilion / nArchitects -- V528 multi-activity center / fabriK&#xFFFD;B Architekten, Berlin, fabriK&#xFFFD;G Arquitectos, Mexiko -- Fire shelter: 01 / Shjworks -- Sandworm / Marco Csagrande -- Temporary dormitories for Mae Tao Clinic / a.gor.a architects -- Night at the Museumlaan / Rick Bruggink &amp; Marko Matic (IAA Architekten) -- Vague formation / soma -- Serpentine Gallery, 2012 / Herzog &amp; de Meuron, Ai Weiwei -- Rjukan town cabin / Rallar Arkitekterschaus -- Temporary bar / LIKEarchitects -- Embedded project / HHDFUN -- Temporary kindergarten AJDA / Arhitektura Jure Kotnik -- The Schaulager Satellit / Herzog de Meuron -- Cloud Pavilion, Serpentine Gallery, 2013 / Sou Fujimoto Architects -- Design Miami Tent / Moorhead &amp; Moorhead -- Circulation pavilion / partnerundpartner architekten -- Schaustelle / J. Mayer H. -- Shelter / LIKEarchitects -- Byparken, Aarhus Festival 2012 / Sch&#xFFFD;nherr -- Portable gallery / Mobile Studio Architects -- A giant ice-cube in Rome / Luca Peralta Studio, design &amp; consulting -- Bellevue: the yellow house / Peter Fattinger, Veronika Orso, Michael Rieper -- Peace pavilion / AZC -- Audi ring, Audi brand pavilion / Schmidhuber -- United Nations interim canopy / FTL Design Engineering Studio -- Humboldt-Box / KSV: Kr&#xFFFD;uger Schuberth Vandreike -- Eco-temporary refuge / Cinimi Architettura -- Towers for Festival Kanal / BC architects &amp; studies -- 4 x Mp2s Gallery Pavilion / Quay3c Architects -- Endesa Pavilion / IAAC, Rodrigo Rubio -- Urban coffee farm and brew bar / Hassell -- Fav Pavilion / A&amp;P: Architectures &amp; Paysages, David Hamerman -- Silent garden / studio patricia meneses -- Plywood dome / Tejlgaard &amp; Jepsen -- A battle is raging even if you're not aware of it / biopolaire arquitectos, pink intruder -- Dome of visions / Tejlgaard &amp; Jepsen, NCC, Next -- Spaceplates greenhouse / N55, Anne Romme -- Wing of glory: pavilion for the 2014 FIFA World Cup / mekene -- Danish Pavilion, Expo 2010 Shanghai / BIG -- JNBY / HHDFUN -- Mehrzeller / Nonstandard -- Mini opera space / Coop Himmelb(l)au Wolf D. Prix &amp; Partner -- Austrian Pavilion, Expo 2010 Shanghai / Zeytinoglu, SPAN -- The Shed / Haworth Tompkins -- The Red Sun Pavilion, Serpentine Gallery, 2010 / Ateliers Jean Nouvel -- Hotel Gent / Tazu Rous (alias Tatzu Nishi) -- People's meeting dome / Tejlgaard &amp; Jepsen -- Digital Origami  Tigers / LAVA: Laboratory for Visionary Architecture -- The Merlion Hotel / Tazu Rous (alias Tatzu Nishi)</subfield>
  </datafield>
  <datafield tag="650" ind1=" " ind2="7">
    <subfield code="a">Buildings, Temporary</subfield>
    <subfield code="v">Catalogs.</subfield>
    <subfield code="2">BUEsh</subfield>
  </datafield>
  <datafield tag="650" ind1=" " ind2="7">
    <subfield code="a">Exhibition buildings</subfield>
    <subfield code="v">Catalogs.</subfield>
    <subfield code="2">BUEsh</subfield>
  </datafield>
  <datafield tag="650" ind1=" " ind2="7">
    <subfield code="a">Pavilions</subfield>
    <subfield code="v">Catalogs.</subfield>
    <subfield code="2">BUEsh</subfield>
  </datafield>
  <datafield tag="650" ind1=" " ind2="7">
    <subfield code="a">Architecture</subfield>
    <subfield code="x">Composition, proportion, etc.</subfield>
    <subfield code="2">BUEsh</subfield>
    <subfield code="9">41656</subfield>
  </datafield>
  <datafield tag="650" ind1=" " ind2="7">
    <subfield code="a">Architecture, Modern</subfield>
    <subfield code="y">21st century</subfield>
    <subfield code="v">Catalogs.</subfield>
    <subfield code="2">BUEsh</subfield>
    <subfield code="9">5920</subfield>
  </datafield>
  <datafield tag="653" ind1=" " ind2=" ">
    <subfield code="b">ENGARC</subfield>
    <subfield code="c">November2017</subfield>
  </datafield>
  <datafield tag="655" ind1=" " ind2=" ">
    <subfield code="v">Reading book</subfield>
  </datafield>
  <datafield tag="942" ind1=" " ind2=" ">
    <subfield code="2">ddc</subfield>
    <subfield code="c">BB</subfield>
  </datafield>
  <datafield tag="999" ind1=" " ind2=" ">
    <subfield code="c">25644</subfield>
    <subfield code="d">25616</subfield>
  </datafield>
  <datafield tag="952" ind1=" " ind2=" ">
    <subfield code="0">0</subfield>
    <subfield code="1">0</subfield>
    <subfield code="2">ddc</subfield>
    <subfield code="4">0</subfield>
    <subfield code="7">0</subfield>
    <subfield code="8">Mediterran</subfield>
    <subfield code="a">MAIN</subfield>
    <subfield code="b">MAIN</subfield>
    <subfield code="c">2ND</subfield>
    <subfield code="d">2017-11-22</subfield>
    <subfield code="e">Purchase</subfield>
    <subfield code="g">385.00</subfield>
    <subfield code="h">3683</subfield>
    <subfield code="l">1</subfield>
    <subfield code="m">1</subfield>
    <subfield code="o">720.444 BAK</subfield>
    <subfield code="p">000042547</subfield>
    <subfield code="r">2025-07-15 00:00:00</subfield>
    <subfield code="s">2025-02-22</subfield>
    <subfield code="v">481.25</subfield>
    <subfield code="w">2017-11-22</subfield>
    <subfield code="y">BB</subfield>
  </datafield>
</record>
